| 000 | 01285nam a22002297a 4500 | ||
|---|---|---|---|
| 999 |
_c168606 _d168606 |
||
| 005 | 20191016164258.0 | ||
| 010 | _aB-730558 | ||
| 020 |
_a9789353093853 _c40.00 |
||
| 035 | _aB-730558 | ||
| 037 | _bडी.बी.ए.डी./ उपहार | ||
| 082 | _aक | ||
| 100 | _aराममूर्ती, नरेश | ||
| 245 |
_aफ़िस फ़िस फ़िसलन / _cनरेशराममूर्ती ; सिरावोंन खातिंग एवं ईसाक गर्गन द्वारा चित्रांकित; विभा लोहानी राव द्वारा हिन्दी अनुवाद |
||
| 260 |
_aनई दिल्ली _bप्रथम बुक्स _c2018 |
||
| 270 |
_a#621, 2nd floor, 5th Main, OMBR Layout, Banaswadi, _bBengaluru _e560043 _k+91 80 42052574, 91 11 41042483 |
||
| 300 |
_a16पृ. _bसचित्र _c14x20 सेमी (अजिल्द) |
||
| 700 |
_928835 _aखातिंग, सिरावोन |
||
| 700 |
_928836 _aगर्गन ईसाक |
||
| 710 | _aलोहानी, विभा | ||
| 942 |
_2ddc _cCH _hक _mराममू |
||